ਸੂਫ਼ੀ ਰੋਮਾਂਸ / (Record no. 110259)

MARC details
000 -LEADER
fixed length control field 00874nam a22002537a 4500
005 - DATE AND TIME OF LATEST TRANSACTION
control field 20170123164150.0
010 ## - LIBRARY OF CONGRESS CONTROL NUMBER
LC control number B-109098
020 ## - INTERNATIONAL STANDARD BOOK NUMBER
Terms of availability 120.00
035 ## - SYSTEM CONTROL NUMBER
System control number B-109098
037 ## - SOURCE OF ACQUISITION
Source of stock number/acquisition Cen Lib / Ret
040 ## - CATALOGING SOURCE
Original cataloging agency DPL
Language of cataloging PN
082 ## - DEWEY DECIMAL CLASSIFICATION NUMBER
Classification number 851
Item number ਅਮਰ
100 ## - MAIN ENTRY--PERSONAL NAME
Personal name ਅਮਰ ਜਉਤੀ
9 (RLIN) 2233
245 ## - TITLE STATEMENT
Title ਸੂਫ਼ੀ ਰੋਮਾਂਸ /
Statement of responsibility, etc ਅਮਰ ਜਉਤੀ
246 ## - VARYING FORM OF TITLE
Title proper/short title Soofi romans /
Remainder of title by Amar Jyoti
260 ## - PUBLICATION, DISTRIBUTION, ETC. (IMPRINT)
Place of publication, distribution, etc ਲੁਧਿਆਣਾ
Name of publisher, distributor, etc ਚੇਤਨਾ ਪ੍ਰਕਾਸ਼ਨ
Date of publication, distribution, etc 2004
270 ## - ADDRESS
Address ਪੰਜਾਬੀ ਭਵਨ
City ਲੁਧਿਆਣਾ
300 ## - PHYSICAL DESCRIPTION
Extent 131p.
Dimensions 21cm(Hb)
650 ## - SUBJECT ADDED ENTRY--TOPICAL TERM
Topical term or geographic name as entry element ਪੰਜਾਬੀ ਸਾਹਿਤ
9 (RLIN) 125607
650 ## - SUBJECT ADDED ENTRY--TOPICAL TERM
Topical term or geographic name as entry element Punjabi poems
9 (RLIN) 98797
650 ## - SUBJECT ADDED ENTRY--TOPICAL TERM
Topical term or geographic name as entry element Literature -- Punjabi
9 (RLIN) 125608
650 ## - SUBJECT ADDED ENTRY--TOPICAL TERM
Topical term or geographic name as entry element ਪੰਜਾਬੀ ਕਵਿਤਾ
9 (RLIN) 125609
942 ## - ADDED ENTRY ELEMENTS (KOHA)
Source of classification or shelving scheme Dewey Decimal Classification
Koha item type Punjabi Bks
Classification part 851
Call number suffix ਅਮਰ
Holdings
Withdrawn status Lost status Damaged status Not for loan Home library Current library Date acquired Source of acquisition Cost, normal purchase price Total Checkouts Full call number Barcode Date last seen Copy number Cost, replacement price Price effective from Koha item type
        Central Library Central Library 19/01/2016 Cen Lib/Ret 120.00   851 ਅਮਰ B-109098 19/01/2016 1 120.00 19/01/2016 Punjabi Bks

© Delhi Public Library
Hit Counter
free hit counter